000 00273nam a22001217a 4500
020 _aNA
082 _222
_a621.36720
100 _aGupta, S. C.
245 _aOptoelectronic devices and systems /
260 _bPrentice Hall,
_cc2005.
300 _a0
_bill. ;
942 _2ddc
_cEE
999 _c4311
_d4311